[Event "IECG CP.2001.P.00072"]
[Site "IECG email"]
[Date "2001.10.01"]
[Round "?"]
[White "Eremin, Nikolay Ivanovich"]
[Black "Stefanou, Spyridon S"]
[Result "1-0"]
[WhiteElo "2000"]
[BlackElo "1400"]
[PlyCount "47"]
[EventDate "2001.10.01"]
[EventType "tourn (corr)"]
[EventRounds "6"]
[SourceTitle "Corr 2008"]
[Source "ChessBase"]
[SourceDate "2008.06.24"]
[SourceVersion "1"]
[SourceVersionDate "2008.06.24"]
[SourceQuality "1"]

1. e4 c6 2. d4 d5 3. e5 Bf5 4. Nc3 Qb6 5. Nf3 e6 6. Be2 Nd7 7. 0-0 Ne7 8. b3 c5 9. dxc5 Nxc5 10. Nd4 a6 11. Be3 Qd8 12. g4 Bg6 13. f4 Ne4 14. Na4 h5 15. f5 hxg4 16. fxe6 f5 17. exf6 gxf6 18. Bxg4 f5 19. Be2 b5 20. Nxb5 Qb8 21. Bf4 axb5 22. Bxb8 Rxb8 23. Qd4 Rg8 24. Qa7 1-0

[Event "IECG CP.2001.P.00072"]
[Site "IECG email"]
[Date "2001.10.01"]
[Round "?"]
[White "Vyt, Johan"]
[Black "Stefanou, Spyridon S"]
[Result "1-0"]
[WhiteElo "1673"]
[BlackElo "1400"]
[PlyCount "61"]
[EventDate "2001.10.01"]
[EventType "tourn (corr)"]
[EventRounds "6"]
[SourceTitle "Corr 2008"]
[Source "ChessBase"]
[SourceDate "2008.06.24"]
[SourceVersion "1"]
[SourceVersionDate "2008.06.24"]
[SourceQuality "1"]

1. d4 Nf6 2. c4 c5 3. d5 e6 4. Nc3 exd5 5. cxd5 d6 6. e4 g6 7. f4 Bg7 8. Bb5+ Nfd7 9. Bd3 0-0 10. Nf3 Na6 11. 0-0 Nc7 12. a4 a6 13. Kh1 Nf6 14. a5 Re8 15. Qb3 Rb8 16. e5 dxe5 17. fxe5 Nfxd5 18. Bc4 Be6 19. Bg5 Qd7 20. Rad1 h6 21. Nxd5 Nxd5 22. Bh4 g5 23. Bxg5 hxg5 24. Nxg5 Rbd8 25. Rxf7 Bxf7 26. Nxf7 Qxf7 27. Rxd5 Kf8 28. Rxd8 Qf2 29. Qd1 Bxe5 30. Rxe8+ Kxe8 31. Qh5+ 1-0